Equity and development
Gespeichert in:
| Weitere Verfasser: | , |
|---|---|
| Format: | Buch |
| Sprache: | Englisch |
| Veröffentlicht: |
Washington, D.C.
<The> World Bank
2006
|
| Schriftenreihe: | Berlin workshop series 2006
|
| Schlagworte: | |
| Tags: |
Keine Tags, Fügen Sie das erste Tag hinzu!
|
MARC
| LEADER | 00000nam$a2200000$$$4500 | ||
|---|---|---|---|
| 001 | 0041738 | ||
| 005 | 20240104135335.2 | ||
| 020 | |a 0-8213-6105-8 | ||
| 022 | |a 1813-9442 | ||
| 041 | 0 | |a eng | |
| 044 | |a US | ||
| 245 | 1 | 0 | |a Equity and development |c Edited by: Gudrun Kochendörfer-Lucius and Boris Pleskovic |
| 264 | 1 | |a Washington, D.C. |b <The> World Bank |c 2006 | |
| 300 | |a 214 s. | ||
| 490 | 1 | |a Berlin workshop series 2006 | |
| 830 | 0 | |a Berlin workshop series 2006 | |
| 610 | 2 | 0 | |a rozvoj hospodársky |
| 610 | 2 | 0 | |a krajiny rozvojové |
| 610 | 2 | 0 | |a spravodlivosť |
| 610 | 2 | 0 | |a spravodlivosť sociálna |
| 610 | 2 | 0 | |a štát sociálny |
| 610 | 2 | 0 | |a pomoc rozvojová |
| 610 | 2 | 0 | |a vláda |
| 610 | 2 | 0 | |a chudoba |
| 610 | 2 | 0 | |a politika |
| 610 | 2 | 0 | |a príjmy |
| 610 | 2 | 0 | |a transformácia |
| 610 | 2 | 0 | |a rast hospodársky |
| 610 | 2 | 0 | |a legislatíva |
| 610 | 2 | 0 | |a sily pracovné |
| 610 | 2 | 0 | |a integrácia ekonomická |
| 610 | 2 | 0 | |a krajiny vyspelé |
| 610 | 2 | 0 | |a krajiny tranzitívne |
| 610 | 2 | 0 | |a stratégia hospodárska |
| 610 | 2 | 0 | |a Európa |
| 610 | 2 | 0 | |a Európska únia |
| 610 | 2 | 0 | |a Rusko |
| 700 | 1 | |a Kochendörfer-Lucius, Gudrun | |
| 700 | 1 | |a Pleskovic, Boris | |